| 000 | 00791nam a2200193 a 4500 | ||
|---|---|---|---|
| 001 | 000028123 | ||
| 005 | 20250924073802.0 | ||
| 008 | 110406s2000 dr 000 0 spa d | ||
| 040 |
_aDO-SdBNP _bspa _cBNPHU |
||
| 082 |
_axxx _bG887s |
||
| 100 | 1 |
_aGrullón Fernández, Iván _936067 |
|
| 245 | 1 | 0 |
_aLa situación de la Universidad Autónoma de Santo Domingo ante el nuevo proyecto de ley de educación superior / _cIván Grullón Fernández. |
| 260 |
_aSanto Domingo : _bEditora Universitaria-UASD, _c2000. |
||
| 300 |
_a22 p. ; _c21 cm. |
||
| 490 | 1 |
_aPublicaciones de la Universidad Autónoma de Santo Domingo _v870 |
|
| 504 | _aIncluye referencias bibliográficas al pie de las páginas | ||
| 830 |
_aPublicaciones de la Universidad Autónoma de Santo Domingo _v870 _952 |
||
| 049 | _aBNPD | ||
| 999 |
_c27615 _d27615 |
||